<?xml version="1.0" encoding="UTF-8"?>
<record
    xmlns:xsi="http://www.w3.org/2001/XMLSchema-instance"
    xsi:schemaLocation="http://www.loc.gov/MARC21/slim http://www.loc.gov/standards/marcxml/schema/MARC21slim.xsd"
    xmlns="http://www.loc.gov/MARC21/slim">

  <leader>00239nam a22000977a 4500</leader>
  <controlfield tag="003">SGT</controlfield>
  <datafield tag="245" ind1=" " ind2=" ">
    <subfield code="a">Periodontology 2000</subfield>
  </datafield>
  <datafield tag="260" ind1=" " ind2=" ">
    <subfield code="a">Willey black well  </subfield>
    <subfield code="c">2011,2013-2020</subfield>
  </datafield>
  <datafield tag="300" ind1=" " ind2=" ">
    <subfield code="a">197,233,273,404,201,194,272,228,296,216</subfield>
  </datafield>
  <datafield tag="942" ind1=" " ind2=" ">
    <subfield code="2">ddc</subfield>
    <subfield code="c">BV</subfield>
  </datafield>
  <datafield tag="952" ind1=" " ind2=" ">
    <subfield code="0">0</subfield>
    <subfield code="1">0</subfield>
    <subfield code="2">ddc</subfield>
    <subfield code="4">0</subfield>
    <subfield code="5">1</subfield>
    <subfield code="7">1</subfield>
    <subfield code="a">FD</subfield>
    <subfield code="b">FD</subfield>
    <subfield code="d">2025-06-06</subfield>
    <subfield code="h">55-57</subfield>
    <subfield code="i">SGTU</subfield>
    <subfield code="p">PD599</subfield>
    <subfield code="r">2025-06-06 00:00:00</subfield>
    <subfield code="w">2025-06-06</subfield>
    <subfield code="y">BV</subfield>
  </datafield>
  <datafield tag="952" ind1=" " ind2=" ">
    <subfield code="0">0</subfield>
    <subfield code="1">0</subfield>
    <subfield code="2">ddc</subfield>
    <subfield code="4">0</subfield>
    <subfield code="5">1</subfield>
    <subfield code="7">1</subfield>
    <subfield code="a">FD</subfield>
    <subfield code="b">FD</subfield>
    <subfield code="d">2025-06-06</subfield>
    <subfield code="h">61-63</subfield>
    <subfield code="i">SGTU</subfield>
    <subfield code="p">PD600</subfield>
    <subfield code="r">2025-06-06 00:00:00</subfield>
    <subfield code="w">2025-06-06</subfield>
    <subfield code="y">BV</subfield>
  </datafield>
  <datafield tag="952" ind1=" " ind2=" ">
    <subfield code="0">0</subfield>
    <subfield code="1">0</subfield>
    <subfield code="2">ddc</subfield>
    <subfield code="4">0</subfield>
    <subfield code="5">1</subfield>
    <subfield code="7">1</subfield>
    <subfield code="a">FD</subfield>
    <subfield code="b">FD</subfield>
    <subfield code="d">2025-06-06</subfield>
    <subfield code="h">64-66</subfield>
    <subfield code="i">SGTU</subfield>
    <subfield code="p">PD601</subfield>
    <subfield code="r">2025-06-06 00:00:00</subfield>
    <subfield code="w">2025-06-06</subfield>
    <subfield code="y">BV</subfield>
  </datafield>
  <datafield tag="952" ind1=" " ind2=" ">
    <subfield code="0">0</subfield>
    <subfield code="1">0</subfield>
    <subfield code="2">ddc</subfield>
    <subfield code="4">0</subfield>
    <subfield code="5">1</subfield>
    <subfield code="7">1</subfield>
    <subfield code="a">FD</subfield>
    <subfield code="b">FD</subfield>
    <subfield code="d">2025-06-06</subfield>
    <subfield code="h">67-68</subfield>
    <subfield code="i">SGTU</subfield>
    <subfield code="p">PD602</subfield>
    <subfield code="r">2025-06-06 00:00:00</subfield>
    <subfield code="w">2025-06-06</subfield>
    <subfield code="y">BV</subfield>
  </datafield>
  <datafield tag="952" ind1=" " ind2=" ">
    <subfield code="0">0</subfield>
    <subfield code="1">0</subfield>
    <subfield code="2">ddc</subfield>
    <subfield code="4">0</subfield>
    <subfield code="5">1</subfield>
    <subfield code="7">1</subfield>
    <subfield code="a">FD</subfield>
    <subfield code="b">FD</subfield>
    <subfield code="d">2025-06-06</subfield>
    <subfield code="h">69-71</subfield>
    <subfield code="i">SGTU</subfield>
    <subfield code="p">PD603</subfield>
    <subfield code="r">2025-06-06 00:00:00</subfield>
    <subfield code="w">2025-06-06</subfield>
    <subfield code="y">BV</subfield>
  </datafield>
  <datafield tag="952" ind1=" " ind2=" ">
    <subfield code="0">0</subfield>
    <subfield code="1">0</subfield>
    <subfield code="2">ddc</subfield>
    <subfield code="4">0</subfield>
    <subfield code="5">1</subfield>
    <subfield code="7">1</subfield>
    <subfield code="a">FD</subfield>
    <subfield code="b">FD</subfield>
    <subfield code="d">2025-06-06</subfield>
    <subfield code="h">72-74</subfield>
    <subfield code="i">SGTU</subfield>
    <subfield code="p">PD604</subfield>
    <subfield code="r">2025-06-06 00:00:00</subfield>
    <subfield code="w">2025-06-06</subfield>
    <subfield code="y">BV</subfield>
  </datafield>
  <datafield tag="952" ind1=" " ind2=" ">
    <subfield code="0">0</subfield>
    <subfield code="1">0</subfield>
    <subfield code="2">ddc</subfield>
    <subfield code="4">0</subfield>
    <subfield code="5">1</subfield>
    <subfield code="7">1</subfield>
    <subfield code="a">FD</subfield>
    <subfield code="b">FD</subfield>
    <subfield code="d">2025-06-06</subfield>
    <subfield code="h">75-77</subfield>
    <subfield code="i">SGTU</subfield>
    <subfield code="p">PD605</subfield>
    <subfield code="r">2025-06-06 00:00:00</subfield>
    <subfield code="w">2025-06-06</subfield>
    <subfield code="y">BV</subfield>
  </datafield>
  <datafield tag="952" ind1=" " ind2=" ">
    <subfield code="0">0</subfield>
    <subfield code="1">0</subfield>
    <subfield code="2">ddc</subfield>
    <subfield code="4">0</subfield>
    <subfield code="5">1</subfield>
    <subfield code="7">1</subfield>
    <subfield code="a">FD</subfield>
    <subfield code="b">FD</subfield>
    <subfield code="d">2025-06-06</subfield>
    <subfield code="h">78-80</subfield>
    <subfield code="i">SGTU</subfield>
    <subfield code="p">PD606</subfield>
    <subfield code="r">2025-06-06 00:00:00</subfield>
    <subfield code="w">2025-06-06</subfield>
    <subfield code="y">BV</subfield>
  </datafield>
  <datafield tag="952" ind1=" " ind2=" ">
    <subfield code="0">0</subfield>
    <subfield code="1">0</subfield>
    <subfield code="2">ddc</subfield>
    <subfield code="4">0</subfield>
    <subfield code="5">1</subfield>
    <subfield code="7">1</subfield>
    <subfield code="a">FD</subfield>
    <subfield code="b">FD</subfield>
    <subfield code="d">2025-06-06</subfield>
    <subfield code="h">81-82</subfield>
    <subfield code="i">SGTU</subfield>
    <subfield code="p">PD607</subfield>
    <subfield code="r">2025-06-06 00:00:00</subfield>
    <subfield code="w">2025-06-06</subfield>
    <subfield code="y">BV</subfield>
  </datafield>
  <datafield tag="952" ind1=" " ind2=" ">
    <subfield code="0">0</subfield>
    <subfield code="1">0</subfield>
    <subfield code="2">ddc</subfield>
    <subfield code="4">0</subfield>
    <subfield code="5">1</subfield>
    <subfield code="7">1</subfield>
    <subfield code="a">FD</subfield>
    <subfield code="b">FD</subfield>
    <subfield code="d">2025-06-06</subfield>
    <subfield code="h">83-84</subfield>
    <subfield code="i">SGTU</subfield>
    <subfield code="p">PD608</subfield>
    <subfield code="r">2025-06-06 00:00:00</subfield>
    <subfield code="w">2025-06-06</subfield>
    <subfield code="y">BV</subfield>
  </datafield>
  <datafield tag="999" ind1=" " ind2=" ">
    <subfield code="c">31267</subfield>
    <subfield code="d">31267</subfield>
  </datafield>
</record>
